Metodología del marxismo

Gardado en:
Detalles Bibliográficos
Autor Principal: Garaudy, Roger
Formato: Libro
Idioma:Undetermined
Publicado: México, Distrito Federal [Editor no identificado] 1963
Materias:
Etiquetas: Engadir etiqueta
Sen Etiquetas, Sexa o primeiro en etiquetar este rexistro!

MARC

LEADER 00000nam a2200000Ia 4500
008 170316s9999 xx 000 0 und d
090 |a 100 G-9m 
100 |a Garaudy, Roger 
245 |a Metodología del marxismo 
260 |a México, Distrito Federal 
260 |b [Editor no identificado] 
260 |c 1963 
300 |a 83 páginas 
650 |a FILOSOFÍA 
999 |c 16397  |d 16397 
040 |a cru BVZT 
942 |c 15 D  |h 100 G-9m  |2 z